Catalog

Record Details

Catalog Search



Available copies

  • 1 of 1 copy available at LARL/NWRL Consortium.

Current holds

0 current holds with 1 total copy.

Show Only Available Copies
Location Call Number / Copy Notes Barcode Shelving Location Status Due Date
Greenbush Public Library pb MCC (Text) 35500003656210 Main Available -

Record details

  • ISBN: 0843947012
  • Physical Description: 377 p. ; 18 cm.
  • Publisher: New York : Leisure Books, 2000.

Content descriptions

General Note:
"Leisure western."--spine.
Subject: Crook, George, 1829-1890 > Fiction.
Geronimo, 1829-1909 > Fiction.
Genre: Western stories.
Western stories.
LDR 00913nam a2200289Ia 4500
00129842
003LARL_NWRL_CONSORTIUM
00520000511145454.0
008000323s2000 nyu 000 1 eng d
020 . ‡a0843947012
035 . ‡a(OCoLC)43695345
092 . ‡aPB Western
099 . ‡aMcC
1001 . ‡aMcCurtin, Peter, ‡d1935- ‡0(LARL_NWRL_CONSORTIUM)91890
24510. ‡aDrumfire ; ‡bBuffalo war / ‡cPeter McCurtin.
260 . ‡aNew York : ‡bLeisure Books, ‡c2000.
300 . ‡a377 p. ; ‡c18 cm.
4900 . ‡aSundance
500 . ‡a"Leisure western."--spine.
60010. ‡aCrook, George, ‡d1829-1890 ‡vFiction.
60000. ‡aGeronimo, ‡d1829-1909 ‡vFiction.
655 7. ‡aWestern stories. ‡2gsafd
655 0. ‡aWestern stories.
901 . ‡a29842 ‡bOCLC ‡c29842 ‡tbiblio

Additional Resources